Valtioiden muotoja maailmankartalla #6 - Statistics

Yleistilastot
  • Tätä visaa on pelattu 1 802 kertaa
  • Keskiarvotulos 18 / 20
Vastaukset kartalla
Vastauksille on annettu kartalla punavihreä väri sen mukaan, kuinka moni on saanut sen oikein.
 
Vastaustilastot
Valtio % Oikein
Liettua
99%
Tanska
99%
Chile
98%
Itävalta
96%
Pohjois-Korea
95%
Kroatia
94%
Malta
94%
Libya
91%
Venezuela
91%
Pakistan
90%
Panama
88%
Syyria
87%
Laos
86%
Georgia
84%
Keski-Afrikan tasavalta
81%
Norsunluurannikko
79%
Bahama
78%
Eritrea
78%
Mosambik
78%
Mikronesia
75%
Ehtoja vastaavia visoja ei löytynyt
Tulosjakauma
Jokaisen tuloksen saaneiden osuus
Persentiili vastausten määrän mukaan
Tuloshistoriasi
Et ole pelannut tätä visaa